| 000 | 00343cam a22001097a 4500 | ||
|---|---|---|---|
| 008 | 180718b-- xxu||||| |||| 00| 0 eng d | ||
| 082 | _aA75 P969K | ||
| 245 | _aPunjab district gazetteers: Kapurthala | ||
| 260 |
_aChandigarh _bRevenue and Rehabilitation Department _c-- |
||
| 500 | _aLibrary also also supplement | ||
| 650 | _aKapurthala - Gazetteers | ||
| 999 |
_c487160 _d487160 |
||